Safety and Health in Agricultural Work

Bibliographic Details
Format: eBook
Language:English
Published: Geneva : International Labour Organization, represented by the International Labour Office (ILO), 1965
Subjects:
Online Access:http://www.vlex.com/source/11280

MARC

LEADER 00000nam a22000007a 4500
005 20130612145855.0
007 cr|||| ||||
008 130612e19659999sz |||||s|||| 00||0 eng d
035 |a 11280 
040 |a vLex 
090 |c 4316  |d 4316 
245 0 0 |a Safety and Health in Agricultural Work  |h [Recurso electrn̤ico]  
256 |a Servicio en ln̕ea  
260 |a Geneva :  |b International Labour Organization, represented by the International Labour Office (ILO),   |c 1965 
300 |a 1 Recurso electrn̤ico 
506 |a Contenido solo disponible en los productos indicados 
650 4 |a Derecho laboral y Seguridad Social 
650 4 |a Seguridad y Salud Laboral 
650 4 |a Agricultura 
740 |a vLex Libros (Servicio en ln̕ea)  
856 |a Acceso restringido  |u http://www.vlex.com/source/11280 
942 |c BOOK 
999 0 |a Labor laws and legislation